000 00321nam a2200121Ia 4500
008 200619s9999 xx 000 0 und d
100 _aNagabhushana D. S.
245 0 _aJ. P. Kaipidi
264 _aSagar
_bMudrana Offset Printers
300 _a24
942 _cIR
999 _c120239
_d120239